000 00508nam a22001937a 4500
003 MPLRDC
005 20220104124457.0
008 210129b ||||| |||| 00| 0 eng d
020 _a7-5304-0983-2
082 _a308.9 XBS v.1
100 _a迟冰译
245 _a斑马毛剃掉后会留下条纹吗
_c
250 _a一版一刷
260 _a
_b北京科学技术出版社
_c1992
300 _b
490 _a小博士知识库. 1
650 _a儿童用科学丛书
942 _cBK
_o308.9 XBS v.1
999 _c19645
_d19635